000 01039cam a22002174a 4500
005 20250605164214.0
008 250528s ||||||||||||||||||||||||d
035 _a20392
020 _a582325854
040 _aGR-AtMCL
_bgre
_dGR-AtMCL
_eAACR2
245 1 _aGraded Aural Tests For All Purposes / With Suggested Methods of Working
250 _a7th
260 _bLongman,
_c1984
300 _a288
505 0 _aPreface, Pulse and Accent and Time, Rhythm Patterns, One to Five Single Notes, Melody, Intervals, Two-Part Tests, Single Chord Tests, Chord Progressions, Cadences, Key and Modulation, Tests of General Musical Experience, Tests of General Musical Literacy.
520 _aPreface, Pulse and Accent and Time, Rhythm Patterns, One to Five Single Notes, Melody, Intervals, Two-Part Tests, Single Chord Tests, Chord Progressions, Cadences, Key and Modulation, Tests of General Musical Experience, Tests of General Musical Literacy.
700 1 _aWarburton Annie O
_96374
942 _cBK
999 _c5505
_d5505